000 00425nam a2200181Ia 4500
003 GCL
008 140319s9999 xx 000 0 eng d
040 _aGCL /
_cGCL
082 0 4 _a822
_bM L
100 1 _aMC GIRE, SUSAN
245 1 0 _aLUIGI PIRANDELLO /
_cMC GIRE, SUSAN
260 _a[S.N] :
_bMACMILLAN ،
_c1983
300 _a193 P
650 0 4 _aLITERATURE
650 0 4 _aTHEATER
650 0 4 _aDRAMA
942 _2ddc
_cBK
999 _c24317
_d24317